00348nam a22001337a 4500003000400000008004100004020001800045082001400063100001900077245005200096250001900148260003800167300000900205OSt260224b |||||||| |||| 00| 0 eng d a9788124800669 a823.5 FIJ aFIELDING,Henry aThe History of the Adventures of Joseph Andrews a1st Ed Reprint aNew DelhibPeacock Classicsc2025 a335p